Effectif ASSE 2022/2023 - Statistiques

Statistiques générales
  • Ce quiz a été pris 226 fois
  • Le résultat moyen est 19 sur 30
Statistiques - réponses
Poste Nombres de Match Joueur % Correct
G 18 Larsonneur Gautier
97%
G 8 Green Etienne
95%
A 32 Krasso Jean-Philippe
88%
D 21 Briancon Anthony
87%
G 9 Dreyer Matthieu
86%
D 26 Petrot Léo
83%
M 31 Bouchouari Benjamin
82%
D 17 Nkounkou Niels
82%
G 1 Fall Boubacar
80%
D 17 Appiah Dennis
77%
M 30 Cafaro Mathieu
77%
A 27 Wadji Ibrahima
77%
M 20 Monconduit Thomas
75%
D 15 Nade Mickael
73%
M 25 Chambost Dylan
67%
M 33 Lobry Victor
67%
A 7 Charbonnier Gaëtan
66%
M 20 Moueffek Aimen
66%
D 16 Giraudon Jimmy
65%
D 23 Sow Saidou
65%
M 14 Fomba Lamine
56%
A 11 Bamba Kader
52%
Coach 35 Batlles Laurent
47%
A 21 Pintor Lenny
42%
M 15 Mouton Louis
37%
D 9 Bakayoko Abdoulaye
20%
M 4 Namri Anas
19%
A 1 Lhery Yanis
17%
M 3 Saban Mathys
15%
M 1 Sidibe Abdoulaye
6%
Aucun quiz correspondant
Distribution des résultats
% des personnes avec chaque résultat
Percentile par nombre de réponses
Votre historique - résultats
Vous n’avez pas pris ce quiz